000 00340nam a2200145Ia 4500
008 230718s9999 xx 000 0 und d
041 _aEng.
082 _a294.84
_bFAH-D
100 _aFahion, Sh. Muhammad
245 0 _aDigest Hadood Laws
260 _aPakistan
_bKashmir Law Times
_c2002
300 _a726
650 _aLaw
999 _c28339
_d28339